ARRUPE JESUIT UNIVERSITY

CORONAVIRUS -STOP THE SPREAD - CLEAN,DISINFECT,COVER

Our journey with Jesus: (Record no. 122512)

MARC details
000 -LEADER
fixed length control field 00675nam a22001817a 4500
008 - FIXED-LENGTH DATA ELEMENTS--GENERAL INFORMATION
fixed length control field 150326b xxu||||| |||| 00| 0 eng d
020 ## - INTERNATIONAL STANDARD BOOK NUMBER
International Standard Book Number 0814656889
050 ## - LIBRARY OF CONGRESS CALL NUMBER
Classification number BS2589.S84 1990
100 ## - MAIN ENTRY--PERSONAL NAME
Personal name Sweetland D.M.
9 (RLIN) 16624
245 ## - TITLE STATEMENT
Title Our journey with Jesus:
Remainder of title discipleship according to Luke-Acts
Statement of responsibility, etc / by Dennis M. Sweetland
260 ## - PUBLICATION, DISTRIBUTION, ETC. (IMPRINT)
Place of publication, distribution, etc Minnesota
Name of publisher, distributor, etc The liturgical Press
Date of publication, distribution, etc 1990
300 ## - PHYSICAL DESCRIPTION
Extent 261p. ;
Dimensions 21cm.
440 ## - SERIES STATEMENT/ADDED ENTRY--TITLE
Title Good News Studies
Number of part/section of a work no.23
9 (RLIN) 16625
650 ## - SUBJECT ADDED ENTRY--TOPICAL TERM
Topical term or geographic name as entry element Bible. N.T. Luke
General subdivision Criticism
-- Interpretation
9 (RLIN) 16626
650 ## - SUBJECT ADDED ENTRY--TOPICAL TERM
Topical term or geographic name as entry element Bible N.T. Acts-criticism, interpretation etc.
9 (RLIN) 16627
650 ## - SUBJECT ADDED ENTRY--TOPICAL TERM
Topical term or geographic name as entry element Christian life
General subdivision Biblical teaching
9 (RLIN) 7403
942 ## - ADDED ENTRY ELEMENTS (KOHA)
Source of classification or shelving scheme Library of Congress Classification
Item type Monograph ( Printed materials)
Holdings
Withdrawn status Lost status Source of classification or shelving scheme Damaged status Not for loan Collection code Home library Current library Shelving location Date acquired Total Checkouts Full call number Barcode Date last seen Price effective from Koha item type
    Library of Congress Classification     Main Collection ARRUPE LIBRARY ARRUPE LIBRARY Main Collection 26/03/2015   BS2589.S4 1990 46500000474 01/08/2016 26/03/2015 Monograph ( Printed materials)

 

Arrupe Library. PO Box MP320 Mt Pleasant, Harare, Zimbabwe
263 242 745411|librarian@aju.ac.zw